000 00722cam a22002413a 4500
001 3674
003 PGUSA
005 20140828083036.0
008 030101s2003||||xxu|||||s|||||000 1 eng d
040 _aPGUSA
_beng
042 _adc
050 4 _aPR
050 4 _aPZ
100 1 _aHenty, G. A.
_q(George Alfred),
_d1832-1902
245 1 4 _aThe Dragon and the Raven; Or, The Days of King Alfred
_h[electronic resource] /
_cG. A. Henty
260 _bProject Gutenberg,
_c2003
506 _aPublic domain in the USA.
516 _aElectronic text
653 _aGreat Britain -- History -- Alfred, 871-899 -- Fiction
830 0 _aProject Gutenberg
_v3674
856 4 0 _uhttp://www.gutenberg.org/ebooks/3674
942 _cEB
999 _c233003
_d233003